Nike Cross Nationals Boys Podium Finishes - Statistics

General Stats
  • This quiz has been taken 35 times
    12 since last reset
  • The average score is 6 of 45
Answer Stats
Place Year School % Correct
Second 2014 Great Oak
78%
First 2015 Great Oak
67%
Second 2018 Great Oak
67%
Second 2012 American Fork
33%
Second 2015 American Fork
33%
Second 2016 American Fork
33%
First 2016 Bozeman
22%
Third 2005 Fayetteville-Manlius
22%
First 2017 Loudoun Valley
22%
First 2018 Loudoun Valley
22%
First 2004 York Community
22%
Second 2005 York Community
22%
Second 2008 York Community
22%
Third 2018 Dakota Ridge
11%
First 2014 Fayetteville-Manlius
11%
Second 2004 Fayetteville-Manlius
11%
Second 2010 Fayetteville-Manlius
11%
Third 2017 Mountain Vista
11%
Third 2008 Naperville North
11%
First 2007 Neuqua Valley
11%
First 2005 Saratoga Springs
11%
Third 2007 Albuquerque Academy
0%
First 2010 Arcadia
0%
First 2012 Arcadia
0%
First 2009 Boerne Samuel V. Champion
0%
Third 2013 Brentwood
0%
Third 2016 Brentwood
0%
Third 2014 Carmel
0%
First 2011 Christian Brothers Academy
0%
Second 2013 Christian Brothers Academy
0%
First 2006 Coetesville
0%
Third 2010 Columbus North
0%
Third 2015 Dana Hills
0%
Third 2011 Davis
0%
Second 2017 Fayetteville-Manlius
0%
Second 2009 Ferris
0%
Third 2006 Ferris
0%
First 2013 Gig Harbor
0%
Second 2007 Los Alamos
0%
Third 2004 Mead
0%
First 2008 North Central
0%
Third 2012 North Central
0%
Second 2006 Royal High School
0%
Second 2011 Southlake Carroll
0%
Third 2009 The Woodlands
0%
No matching quizzes found
Score Distribution
Percent of People with Each Score
Percentile by Number Answered
Your Score History
You have not taken this quiz since the last reset